Derecho Civil no codificado. Edición crítica de sus textos, concordados, comentados y anotados.

Kaydedildi:
Detaylı Bibliyografya
Müşterek Yazar: Chile
Diğer Yazarlar: Barrientos Grandón, Javier Orlando
Materyal Türü: Kitap
Dil:İspanyolca
Baskı/Yayın Bilgisi: Santiago, Chile: Thomson Reuters La Ley; Legal Publishing, 2016.
Edisyon:Primera edición.
Seri Bilgileri:Colección Fuentes.
Konular:
Etiketler: Etiketle
Etiket eklenmemiş, İlk siz ekleyin!

MARC

LEADER 00000cam a2200000 a 4500
001 UCD4805
003 CL-VaPUC
005 20240822153929.0
008 160722e20160000cl |||||||||||||||||spa|d
999 |c 365637  |d 365635 
020 |a 978-956-346-815-1 
040 |c Pontificia Universidad Católica de Valparaíso 
082 0 4 |a 346.83 CHI 2016   |2 21 
110 1 |a Chile  |9 890760 
245 1 0 |a Derecho Civil no codificado.  |b Edición crítica de sus textos, concordados, comentados y anotados.  
250 |a Primera edición.   |b Actualizada al 10 de marzo de 2016.  
260 |a Santiago, Chile:   |b Thomson Reuters La Ley;  |b Legal Publishing,  |c 2016.  
300 |a V, 860 páginas.  
490 0 |a Colección Fuentes.  
500 |a c.2 Donación Familia Prof. Alejandro Guzmán Brito. 
505 |a Introducción. Primera Parte. De las Fuentes del Derecho y Definición de Varias Palabras de Uso Frecuente en las Leyes. -Ley N. ° 18.158 Establece normas sobre publicación de ciertos tratados internacionales. -Ley de 7 de octubre de 1861 "De efecto retroactivo de las leyes". -Ley de 29 de enero de 1848 Pesos y Medidas. Segunda Parte. De las Personas. -Ley N.º 20.120 Sobre la investigación científica en el ser humano, su genoma, y prohíbe la clonación humana. -Ley N.º 17.344 Autoriza el cambio de nombres y apellidos en los casos que indica, y modifica la Ley N.º 4.808 sobre Registro Civil. -Ley N.º 19.947 Establece Nueva Ley de Matrimonio Civil. -Ley N.º 20.830 Crea el Acuerdo de Unión Civil. -Ley N.º 19.620 Dicta normas sobre adopción de menores. -Ley N.º 19.477 Aprueba Ley Orgánica del Servicio de Registro Civil e Identificación. -Ley N.º 4.808 Sobre Registro Civil. Tercera Parte. De los Bienes, y de su Dominio, Posesión, Uso y Goce. -Ley N.º 16.665 Reconstitución de inscripciones en Registro Conservatorio de Bienes Raíces, deroga Ley N.º 15.567. -Ley N.º 19.537 Sobre copropiedad inmobiliaria. -Ley N.º 17.336 Propiedad intelectual Cuarta Parte. De la Sucesión por Causa de Muerte, y de las Donaciones entre Vivos. -Ley N.º 19.903 Sobre procedimiento para el otorgamiento de la posesión efectiva de la herencia y adecuaciones de la normativa procesal, civil y tributaria sobre la materia. Quinta Parte. De las Obligaciones en General y de los Contratos. -Ley N. ° 18.101 Fija normas especiales sobre arrendamiento de predios urbanos. -Ley N. ° 19.281 Establece normas sobre arrendamiento de viviendas con promesa de compraventa. -Ley N. ° 20.190 Dicta normas sobre prenda sin desplazamiento y crea el Registro de prendas sin desplazamiento. -Ley N.º 18.010 Establece normas para las operaciones de crédito y otras obligaciones de dinero que indica. -Ley N.º 19.799 Sobre documentos electrónicos, firma electrónica y servicios de certificación de dicha firma. -Ley N.º 19.253 Establece Normas sobre Protección, Fomento y Desarrollo de los Indígenas, y crea la Corporación Nacional de Desarrollo Indígena. 
583 |a last modification  |c 20160722 23:21:00  |k Rodrigo Vera 
650 0 |a Derecho civil chileno  |9 320612 
650 0 |a Derecho de familia   |z Chile  |9 868790 
650 0 |a Clonación humana  |9 463590 
650 0 |a Derecho de bienes  |z Chile  |9 890479 
650 0 |a Derecho sucesorio   |z Chile  |9 890480 
650 0 |a Derecho de las obligaciones   |z Chile  |9 890482 
700 |a Barrientos Grandón, Javier Orlando  |9 890771 
942 |c BK  |2 ddc  |n 0 
945 |d 20160722 23:21:00  |a dcastane 
952 |0 0  |1 0  |2 ddc  |3 erb  |4 0  |6 346_830000000000000_CHI_2016  |7 0  |8 R  |9 479536  |a BIBDER  |b BIBDER  |i 5298741  |o 346.83 CHI 2016  |p 5298741  |r 2023-01-25  |w 2019-11-24  |y BK_R  |z Catalogado en:20160722  |k DER 
952 |0 0  |1 0  |2 ddc  |4 0  |6 346_830000000000000_CHI_2016  |7 1  |8 C_AGB  |9 581107  |a BIBDER  |b BIBDER  |d 2022-02-03  |e Donación   |i 5644542  |o 346.83 CHI 2016  |p 5644542  |r 2023-01-25  |t 2  |w 2022-02-03  |y BK_US  |k AGB